Statistics for Countries by name in Native Language

Click here to take the quiz!

General Stats

  • This quiz has been taken 28 times
    (23 since last reset)
  • The average score is 39 of 48

Answer Stats

HintAnswer% Correct
DeutschlandGermany
100%
LatvijaLatvia
100%
SlovenijaSlovenia
100%
SoomaaliyaSomalia
100%
Suid-AfrikaSouth Africa
100%
AzərbaycanAzerbaijan
94%
ÍslandIceland
94%
ItaliaItaly
94%
日本Japan
94%
LëtzebuergLuxembourg
94%
NederlandNetherlands
94%
NorgeNorway
94%
PolskaPoland
94%
RomâniaRomania
94%
대한민국South Korea
94%
EspañaSpain
94%
TürkiyeTurkey
94%
TürkmenistanTurkmenistan
94%
United StatesUnited States
94%
O'zbekistonUzbekistan
94%
Việt NamVietnam
94%
РоссияRussia
89%
ΕλλάδαGreece
83%
ישראלIsrael
83%
SlovenskoSlovakia
83%
ShqipëriaAlbania
78%
বাংলাদেশBangladesh
78%
កម្ពុជា។Cambodia
78%
EestiEstonia
78%
SuomiFinland
78%
नेपालNepal
78%
SverigeSweden
78%
УкраїнаUkraine
78%
БеларусьBelarus
72%
AyitiHaiti
72%
MagyarországHungary
72%
ປະເທດລາວLaos
72%
북한North Korea
72%
СрбијаSerbia
72%
ประเทศไทยThailand
72%
HrvatskaCroatia
67%
ÉireannIreland
67%
КыргызстанKyrgyzstan
61%
МакедонијаMacedonia
61%
ኢትዮጵያEthiopia
56%
ՀայաստանArmenia
50%
AlbaScotland
28%
LietuvaLithuanian
6%

Score Distribution

Percentile by Number Answered

Percent of People with Each Score

Your Score History

You have not taken this quiz since the last reset